000 00407nam a2200157Ia 4500
008 100122s9999 xx 000 0 und d
082 _b76692
_aB823
100 _aLEONG SUZEE
245 _aTHE SICK LION/ THE MISCHIEVOUS MONKEY
250 _a1
260 _c2006
300 _a32
630 _aTHE SICK LION/ THE MISCHIEVOUS MONKEY
730 _aTHE SICK LION/ THE MISCHIEVOUS MONKEY
942 _cBOOK
999 _c393489
_d393486